000 00472nam a2200181Ia 4500
001 1794
005 20260306143754.0
008 260306t2006||||xx |||||||||||||| ||spa||
041 _aESP
082 _a155.4
_bP78
100 _aPorras R. , Ángela María
_eAUT
245 0 _aCómo potenciar el intelecto:
_bPara niñas y niños de 3 a 7 años
260 _c2006
300 _a168 páginas :
_c24 x 16 cm.
650 _aGEN
654 _aCPS
942 _cLIB
_dJUS
_fJUS
_2ddc
_n
999 _c1794
_d1794